000 01024nam a22003257a 4500
001 BR0003642
003 BR-BrBNA
005 20230928100728.0
007 ta
008 230509b bl.||||| |||| 00| 0 por d
040 _aBR-BrBNA
_bpor
_cBiblioteca Nacional de Agricultura
041 _a(Por)
072 _aL02; L52
_b6100
_b3750
_b3910
_b8954
090 _ 6100 BR0003642
100 1 _aIafigliola, M.C.
110 1 _aEscola Superior de Agricultura Luiz de Queiroz, Piracicaba, SP (Brasil)
_0Tese (Mestre em Agronomia)
245 1 _aO uso de cobre e antibiotico como promotores de crescimento em racoes para frangos de corte
260 3 _aPiracicaba, SP (Brasil):
_c2000.
300 _a79 p.
500 _aSummaries (Eng, Por); 8 tables; Bibliography p. 59-71
650 _aFrango de Corte
650 _aCobre
650 _aAntibiotico
650 _aRacao
650 _aCrescimento
650 _aCama de Galinheiro
650 _aMetodo Estatistico
909 _a202309
_bLucia
_c55
_dLucia Elande
942 _cBK
999 _c62532
_d62532